Zmeny vo forme podnikania malých a stredných podnikov vo vybraných krajinách

Vznik a vývoj družstiev na území Slovenska a Maďarska. Štruktúra podnikateľských subjektov v maďarskom družstevníctve. Súčasné podmienky podnikania maďarských družstiev. Štruktúra podnikateľských subjektov v slovenskom poľnohospodárstve. Podnikateľské ciele kooperujúcich partnerov. Komparácia kooper...

Ausführliche Beschreibung

Gespeichert in:
Bibliographische Detailangaben
1. Verfasser: Šúbertová, Elena
Format: Buchkapitel
Sprache:Slowakisch
Schlagworte:
Tags: Tag hinzufügen
Keine Tags, Fügen Sie das erste Tag hinzu!

MARC

LEADER 00000naa$a2200000$$$4500
001 0120912
005 20240521122130.9
041 0 |a slo 
044 |a SK 
245 1 0 |a Zmeny vo forme podnikania malých a stredných podnikov vo vybraných krajinách  |c Elena Šúbertová 
520 |a Vznik a vývoj družstiev na území Slovenska a Maďarska. Štruktúra podnikateľských subjektov v maďarskom družstevníctve. Súčasné podmienky podnikania maďarských družstiev. Štruktúra podnikateľských subjektov v slovenskom poľnohospodárstve. Podnikateľské ciele kooperujúcich partnerov. Komparácia kooperácie slovenských a maďarských MSP v poľnohospodárstve. Hodnotenie podmienok podnikania v rámci SR. Činnosť MSP po roku 2007 v SR. 
610 2 0 |a podnik malý 
610 2 0 |a podnik stredný 
610 2 0 |a družstevníctvo 
610 2 0 |a družstvá poľnohospodárske 
610 2 0 |a Slovensko 
610 2 0 |a Maďarsko 
610 2 0 |a podnikanie 
610 2 0 |a kooperácia 
100 1 |a Šúbertová, Elena